| 000 | 00000nas 2200000za 4500 |
| 001 | 9.806391 |
| 003 | CaOODSP |
| 005 | 20221107135900 |
| 007 | cr ||||||||||| |
| 008 | 151116d19712000oncmr p oss f000#a0fre|d |
| 022 | |y0380-6936 |
| 040 | |aCaOODSP|bfre |
| 041 | |afre|aeng |
| 043 | |an-cn--- |
| 086 | 1 |aCS72-002-PDF |
| 245 | 00|aEmploi, gains et durée du travail |h[ressource électronique]. |
| 246 | 31|aEmployment, earnings and hours |
| 246 | 13|aEmploi, gains et durée du travail, données préliminaires |faoût 1985-mars 1992 |
| 260 | |a[Ottawa] : |bStatistique Canada, |c1972-2001. |
| 310 | |aMensuel |
| 362 | 0 |aVol. 49, no. 3/4/5/6 (mars/juin 1971)-v. 78, no. 6 (juin. 2000). |
| 500 | |a« Données préliminaires. » |
| 500 | |aÉdition numérisée de l’imprimé [par Statistique Canada]. |
| 515 | |aCertaines numeros sont combinés. |
| 546 | |aTexte en anglais seulement, mars 1972-nov. 1973; texte en anglais et français, déc. 1973-juin 2000. |
| 550 | |aPubl. jan. 1973-déc. 1977 par Section des statistiques mensuelles de l'emploi, de la rémunération et du revenu de travail, jan. 1978-mai 1983 par Section des statistiques de l'emploi et de la rémunération, juin 1983-avril 1988 par Section de l'enquête sur l'emploi opérations, mai 1988-199- par Section de l'emploi, 199-- par Division de la statistique du travail. |
| 692 | 07|2gccst|aMain-d'oeuvre |
| 710 | 1 |aCanada. |bStatistique Canada.|bSection des statistiques de l'emploi et de la rémunération. |
| 710 | 1 |aCanada. |bStatistique Canada.|bSection de l'emploi. |
| 710 | 1 |aCanada. |bStatistique Canada.|bSection de l'enquête sur l'emploi opérations. |
| 710 | 1 |aCanada. |bStatistique Canada.|bSection des statistiques mensuelles de l'emploi, de la rémunération et du revenu de travail. |
| 710 | 1 |aCanada.|bStatistique Canada.|bDivision de la statistique du travail. |
| 710 | 1 |aCanada. |bStatistique Canada. |bDivision du travail. |
| 785 | 00|tEmploi, gains et durée du travail |w(CaOODSP)9.500098 |
| 791 | |tEmployment, earnings and hours |eeng|w(CaOODSP)9.805976 |